<?xml version="1.0" encoding="UTF-8"?>
<record
    xmlns:xsi="http://www.w3.org/2001/XMLSchema-instance"
    xsi:schemaLocation="http://www.loc.gov/MARC21/slim http://www.loc.gov/standards/marcxml/schema/MARC21slim.xsd"
    xmlns="http://www.loc.gov/MARC21/slim">

  <leader>00432nam a22001817a 4500</leader>
  <controlfield tag="003">NUST</controlfield>
  <datafield tag="020" ind1=" " ind2=" ">
    <subfield code="a">9788131734483</subfield>
  </datafield>
  <datafield tag="038" ind1=" " ind2=" ">
    <subfield code="a">khadija</subfield>
  </datafield>
  <datafield tag="082" ind1=" " ind2=" ">
    <subfield code="a">621.3815</subfield>
    <subfield code="b">FLY</subfield>
  </datafield>
  <datafield tag="100" ind1=" " ind2=" ">
    <subfield code="a">Floyd, Thomas L.</subfield>
    <subfield code="9">10192</subfield>
  </datafield>
  <datafield tag="245" ind1=" " ind2=" ">
    <subfield code="a">Digital Fundamentals /</subfield>
    <subfield code="c">Thomas L. Floyd</subfield>
  </datafield>
  <datafield tag="250" ind1=" " ind2=" ">
    <subfield code="a">10th ed.</subfield>
  </datafield>
  <datafield tag="260" ind1=" " ind2=" ">
    <subfield code="a">New Delhi:</subfield>
    <subfield code="b">Pearson,</subfield>
    <subfield code="c">2011.</subfield>
  </datafield>
  <datafield tag="300" ind1=" " ind2=" ">
    <subfield code="a">659 p. ;</subfield>
    <subfield code="b">27 cm.</subfield>
  </datafield>
  <datafield tag="500" ind1=" " ind2=" ">
    <subfield code="a">Paperback.</subfield>
  </datafield>
  <datafield tag="563" ind1=" " ind2=" ">
    <subfield code="a">paper back</subfield>
  </datafield>
  <datafield tag="942" ind1=" " ind2=" ">
    <subfield code="c">BK</subfield>
    <subfield code="2">ddc</subfield>
  </datafield>
  <datafield tag="999" ind1=" " ind2=" ">
    <subfield code="c">32781</subfield>
    <subfield code="d">32781</subfield>
  </datafield>
  <datafield tag="952" ind1=" " ind2=" ">
    <subfield code="0">0</subfield>
    <subfield code="1">0</subfield>
    <subfield code="2">ddc</subfield>
    <subfield code="4">0</subfield>
    <subfield code="7">0</subfield>
    <subfield code="a">SMME</subfield>
    <subfield code="b">SMME</subfield>
    <subfield code="c">REF</subfield>
    <subfield code="d">2015-11-19</subfield>
    <subfield code="o">621.3815 FLO</subfield>
    <subfield code="p">SMME-1740</subfield>
    <subfield code="r">2018-03-29</subfield>
    <subfield code="w">2015-11-19</subfield>
    <subfield code="y">BK</subfield>
    <subfield code="z">Rack,11-Shelf,2</subfield>
  </datafield>
  <datafield tag="952" ind1=" " ind2=" ">
    <subfield code="0">0</subfield>
    <subfield code="1">0</subfield>
    <subfield code="2">ddc</subfield>
    <subfield code="4">0</subfield>
    <subfield code="7">0</subfield>
    <subfield code="a">SMME</subfield>
    <subfield code="b">SMME</subfield>
    <subfield code="c">TEXT</subfield>
    <subfield code="d">2015-11-19</subfield>
    <subfield code="o">621.3815 FLY</subfield>
    <subfield code="p">SMME-1741</subfield>
    <subfield code="r">2018-03-29</subfield>
    <subfield code="w">2015-11-19</subfield>
    <subfield code="y">BK</subfield>
  </datafield>
  <datafield tag="952" ind1=" " ind2=" ">
    <subfield code="0">0</subfield>
    <subfield code="1">0</subfield>
    <subfield code="2">ddc</subfield>
    <subfield code="4">0</subfield>
    <subfield code="7">0</subfield>
    <subfield code="a">SMME</subfield>
    <subfield code="b">SMME</subfield>
    <subfield code="d">2015-11-19</subfield>
    <subfield code="l">1</subfield>
    <subfield code="o">621.3815 FLO</subfield>
    <subfield code="p">SMME-1742</subfield>
    <subfield code="q">2022-03-24</subfield>
    <subfield code="r">2021-11-24</subfield>
    <subfield code="s">2021-11-24</subfield>
    <subfield code="w">2015-11-19</subfield>
    <subfield code="y">BK</subfield>
  </datafield>
  <datafield tag="952" ind1=" " ind2=" ">
    <subfield code="0">0</subfield>
    <subfield code="1">0</subfield>
    <subfield code="2">ddc</subfield>
    <subfield code="4">0</subfield>
    <subfield code="7">0</subfield>
    <subfield code="a">SMME</subfield>
    <subfield code="b">SMME</subfield>
    <subfield code="c">TEXT</subfield>
    <subfield code="d">2015-11-19</subfield>
    <subfield code="l">1</subfield>
    <subfield code="m">1</subfield>
    <subfield code="o">621.3815 FLY</subfield>
    <subfield code="p">SMME-1743</subfield>
    <subfield code="r">2020-10-20</subfield>
    <subfield code="s">2020-10-20</subfield>
    <subfield code="w">2015-11-19</subfield>
    <subfield code="y">BK</subfield>
  </datafield>
  <datafield tag="952" ind1=" " ind2=" ">
    <subfield code="0">0</subfield>
    <subfield code="1">0</subfield>
    <subfield code="2">ddc</subfield>
    <subfield code="4">0</subfield>
    <subfield code="7">0</subfield>
    <subfield code="a">SMME</subfield>
    <subfield code="b">SMME</subfield>
    <subfield code="c">TEXT</subfield>
    <subfield code="d">2015-11-19</subfield>
    <subfield code="o">621.3815 FLY</subfield>
    <subfield code="p">SMME-1744</subfield>
    <subfield code="r">2018-03-29</subfield>
    <subfield code="w">2015-11-19</subfield>
    <subfield code="y">BK</subfield>
  </datafield>
  <datafield tag="952" ind1=" " ind2=" ">
    <subfield code="0">0</subfield>
    <subfield code="1">0</subfield>
    <subfield code="2">ddc</subfield>
    <subfield code="4">0</subfield>
    <subfield code="7">0</subfield>
    <subfield code="a">SMME</subfield>
    <subfield code="b">SMME</subfield>
    <subfield code="c">TEXT</subfield>
    <subfield code="d">2015-11-19</subfield>
    <subfield code="o">621.3815 FLY</subfield>
    <subfield code="p">SMME-1745</subfield>
    <subfield code="r">2018-03-29</subfield>
    <subfield code="w">2015-11-19</subfield>
    <subfield code="y">BK</subfield>
  </datafield>
  <datafield tag="952" ind1=" " ind2=" ">
    <subfield code="0">0</subfield>
    <subfield code="1">0</subfield>
    <subfield code="2">ddc</subfield>
    <subfield code="4">0</subfield>
    <subfield code="7">0</subfield>
    <subfield code="a">CL</subfield>
    <subfield code="b">CL</subfield>
    <subfield code="d">2016-08-02</subfield>
    <subfield code="l">1</subfield>
    <subfield code="m">1</subfield>
    <subfield code="o">621.395 FLO</subfield>
    <subfield code="p">SMME-BB294</subfield>
    <subfield code="r">2023-03-04</subfield>
    <subfield code="s">2019-09-12</subfield>
    <subfield code="w">2016-08-02</subfield>
    <subfield code="y">BK</subfield>
  </datafield>
</record>
